000 01648nam a2200289Ia 4500
001 2148
008 230305s2011 xx 000 0 und d
020 _a8436540900463
043 _aen_UK
041 _aspa
245 0 _aMercado de futuros
260 _a
_bCameo,
_c2011
300 _a110min. ; 1 disco DVD
505 _aContiene clip de la productora, notas sobre el arte de la memoria, galería de fotos y ficha técnica.
520 _aEl desalojo y derribo de una antigua casa, con todos sus muebles, su abundante biblioteca y su cargamento entero de memoria personal, constituye el punto de arranque de "Mercado de futuros", película documental que intenta trazar algunos rasgos del nuevo aspecto del mundo. La cámara se asoma a la fiebre del mercado inmobiliario, convertido en una feria del espectáculo y promesa del enriquecimiento o del paraíso, a los brokers de la inversión financiera y a los gurús y predicadores del éxito y la mitología empresarial. De fondo, queda una mirada sobre la virtualización del espacio urbano, el desalojo de la memoria personal y colectiva, y la banalización de sueños y deseos, convertidos finalmente en pura mercancía.
590 _bIdiomas disponibles: castellano y catalán. Subtítulos disponibles en inglés y gallego
650 0 _aFeature films
_926078
700 _aÁlvarez, Mercedes,
_eAuthor
_921808
856 _uhttps://www.imdb.com/title/tt2087876/?ref_=fn_al_tt_1
902 _a178
905 _am
911 _ahttps://biblioteca.tbs-education.es/portadas/8436540900463.jpg
912 _a2011-01-01
942 _a1
953 _d2018-04-26 15:27:14
999 _c2088
_d2088